Enlace en Salzburgo / (Record no. 95866)

MARC details
000 -LEADER
campo de control de longitud fija 00486nam a2200169 i 4500
001 - NÚMERO DE CONTROL
campo de control 95866
003 - IDENTIFICADOR DE NÚMERO DE CONTROL
campo de control ES-MaACL
005 - FECHA Y HORA DE LA ÚLTIMA TRANSACCIÓN
campo de control 20230906181806.0
007 - CAMPO FIJO DE DESCRIPCIÓN FÍSICA--INFORMACIÓN GENERAL
campo de control de longitud fija t|
008 - DATOS DE LONGITUD FIJA--INFORMACIÓN GENERAL
campo de control de longitud fija 050606s1969 sp ||||1| spa d
100 1# - ENTRADA PRINCIPAL--NOMBRE DE PERSONA
Nombre de persona MacInnes, Helen.
9 (RLIN) 75228
245 10 - MENCIÓN DEL TÍTULO
Título Enlace en Salzburgo /
Mención de responsabilidad, etc. Helen Mac Innes; [traducción Baldomero Porta].
260 ## - PUBLICACIÓN, DISTRIBUCIÓN, ETC.
Lugar de publicación, distribución, etc. Barcelona :
Nombre del editor, distribuidor, etc. Bruguera,
Fecha de publicación, distribución, etc. 1969.
300 ## - DESCRIPCIÓN FÍSICA
Extensión 366 p. ;
Dimensiones 21 cm.
700 1# - ENTRADA AGREGADA--NOMBRE PERSONAL
Nombre de persona Porta, Baldomero.
9 (RLIN) 93173
852 ## - LOCALIZACIÓN
Ubicación ES-MaACL
Número de control de estantería C-38923
Sublocalización o colección R.72163
Holdings
Estatus retirado Estado de pérdida Estado de daño No para préstamo Biblioteca de origen Biblioteca actual Ubicación en estantería Fecha de adquisición Fuente de adquisición Total de préstamos Signatura topográfica completa Código de barras Visto por última vez Precio de reemplazo Tipo de ítem Koha
        Biblioteca del Ateneo de Madrid Biblioteca del Ateneo de Madrid Depósito 2 17/01/2008     C-38923 1100099 23/02/2023 23/02/2023 Libro impreso